LEADER 05107nam 22006495 450 001 9910878984603321 005 20240802130253.0 010 $a9789819725236$b(electronic bk.) 010 $z9789819725229 024 7 $a10.1007/978-981-97-2523-6 035 $a(MiAaPQ)EBC31579743 035 $a(Au-PeEL)EBL31579743 035 $a(CKB)33645674200041 035 $a(DE-He213)978-981-97-2523-6 035 $a(EXLCZ)9933645674200041 100 $a20240802d2024 u| 0 101 0 $aeng 135 $aurcnu|||||||| 181 $ctxt$2rdacontent 182 $cc$2rdamedia 183 $acr$2rdacarrier 200 10$aCircular Bioeconomy Perspectives in Sustainable Bioenergy Production /$fedited by Gurunathan Baskar, Veeramuthu Ashokkumar, Samuel Lalthazuala Rokhum, Vijayanand Suryakant Moholkar 205 $a1st ed. 2024. 210 1$aSingapore :$cSpringer Nature Singapore :$cImprint: Springer,$d2024. 215 $a1 online resource (469 pages) 225 1 $aEnergy, Environment, and Sustainability,$x2522-8374 311 08$aPrint version: Baskar, Gurunathan Circular Bioeconomy Perspectives in Sustainable Bioenergy Production Singapore : Springer,c2024 9789819725229 320 $aIncludes bibliographical references. 327 $a1. Bioenergy based sustainable bioeconomy - perspectives and challenges -- 2. Lignocellulosic Biomass for Sustainable Production of Renewable Fuel: Embracing Natural Resources -- 3. Industrial Organic Waste and By-products as Sustainable Feedstock for Bioenergy Production -- 4. Transesterification of Waste Cooking Oil through Microwave Technology: Recent Advances and Challenges -- 5. Green catalysts synthesized from biomass for biodiesel production -- 6. Sustainable Solutions for bioenergy production from Hospital-based Plastic Waste ? Thinking Beyond Landfills -- 7. Functionalized biochar for green and sustainable production of biodiesel -- 8. plug flow followed by mixed flow natural circulation bioreactor for biofuel production ? A system approaches to biogas production -- 9. Versatile pretreatment approaches to improve the bioethanol production from various biomass feedstocks -- 10. Biorefinery Avenues for Processing Urban Solid Waste: Potential for Value Added Chemicals and energy -- 11.Pyrolytic conversion of heterogenic natural waste biomass from rural communities with concomitant valorisation -- 12. Improving the biogas generation potential from organic wastes using hydrochar as an additive ? Lab-scale case study from central Sweden: Part 1 -- 13. Improving the biogas generation potential from organic wastes using hydrochar as an additive ? Lab-scale case study from central Sweden: Part 2 -- 14. Circular Bioeconomy Perspectives in Biomass Pyrolysis -- 15. Heterogeneous Hydrochar-based catalysts for biodiesel Production -- 16. Circular Bioeconomy Approaches for Valorising Waste Streams into Bio-jet Fuel -- 17. Sustainable bioethanol production from the pretreated waste lignocellulosic feedstocks -- 18. Waste biomass supply chain for sustainable bioenergy production. 330 $aThis book covers the various technological developments and challenges in converting biomass residues into different forms of bioenergy. The continuous increase in the world population increased the demand for food products. The incorporation of modern technologies in agriculture increased the production of various food products, ending with excess generation of agricultural biomass residues from primary and secondary agriculture industries. Since, these biomass residues are a rich source of valuable bioproducts, they can be converted into various forms of bioenergy, such as biogas, biochar, biooil, biodiesel, and bioethanol. Besides, this approach is expected to address the gaps in biomass residue management and transformation to valuable bioproducts, and it also enhances the circular economy perspective. The book can be a valuable reference for beginners, researchers, and professionals interested in sustainable construction and allied fields. 410 0$aEnergy, Environment, and Sustainability,$x2522-8374 606 $aElectric power production 606 $aEnergy harvesting 606 $aPower resources 606 $aEnvironmental economics 606 $aBioengineering 606 $aMechanical Power Engineering 606 $aEnergy Harvesting 606 $aResource and Environmental Economics 606 $aBiological and Physical Engineering 615 0$aElectric power production. 615 0$aEnergy harvesting. 615 0$aPower resources. 615 0$aEnvironmental economics. 615 0$aBioengineering. 615 14$aMechanical Power Engineering. 615 24$aEnergy Harvesting. 615 24$aResource and Environmental Economics. 615 24$aBiological and Physical Engineering. 676 $a662.88 702 $aBaskar$b Gurunathan 801 0$bMiAaPQ 801 1$bMiAaPQ 801 2$bMiAaPQ 912 $a9910878984603321 996 $aCircular Bioeconomy Perspectives in Sustainable Bioenergy Production$94205115 997 $aUNINA